000 00548cab a2200181 4500
001 L135971
008 061220n2006 000 0 eng u
035 _a(Sirsi) u135971
041 0 _aeng
245 o o _a2006
_ba year in property
260 _c2006
490 0 _aProperty Week
_v15 January 6 2006, 73-91(10)
520 _aDiscusses regional commercial property trends for 2006, and makes predictions for 2007.
590 _aKA
651 4 _aUnited Kingdom
_y
690 _aPROPERTY-COMMERCIAL PROPERTY-COMMERCIAL PROPERTY MARKET
942 _n0
999 _c78087
_d78087